[Event "Arco op 45th"]
[Site "Arco"]
[Date "2023.10.15"]
[Round "9"]
[White "Blasco, Domenico"]
[Black "Salati, Paolo"]
[Result "1-0"]
[WhiteElo "1807"]
[BlackElo "1516"]
[PlyCount "87"]
[EventDate "2023.10.07"]
[EventType "swiss"]
[EventRounds "9"]
[EventCountry "ITA"]
[SourceTitle "Mega2024 Update 01"]
[Source "Chessbase"]
[SourceDate "2023.11.12"]
[SourceVersion "1"]
[SourceVersionDate "2023.11.12"]
[SourceQuality "1"]

1. d4 d5 2. Bf4 e6 3. e3 Bd6 4. Bg3 Nf6 5. Nd2 0-0 6. Bd3 Re8 7. Ngf3 Nc6 8. Ne5 Nb4 9. Bb5 c6 10. Be2 Bxe5 11. Bxe5 b6 12. c3 Na6 13. Bd3 Nb8 14. 0-0 Ba6 15. Bxa6 Nxa6 16. Qa4 Nb8 17. Bxb8 Qxb8 18. Qxc6 Rc8 19. Qa4 b5 20. Qd1 Qd6 21. a3 a5 22. f3 b4 23. axb4 axb4 24. Rxa8 Rxa8 25. e4 Qb6 26. e5 Nd7 27. f4 bxc3 28. bxc3 Rc8 29. Nb1 Qd8 30. f5 Qg5 31. fxe6 fxe6 32. Qd3 Rf8 33. Rxf8+ Nxf8 34. Qd2 Qf5 35. Na3 Nd7 36. h3 Qf8 37. Nb5 Nb6 38. Nd6 Nc8 39. Nb7 Nb6 40. Nc5 Qe7 41. Qb2 Nd7 42. Qb7 Qg5 43. Qc8+ Nf8 44. Qxf8+ 1-0